Central Library OPAC University of Rajshahi

South wind / (Record no. 20658)

MARC details
000 -LEADER
fixed length control field 00701nam a22002531 4500
001 - CONTROL NUMBER
control field 20658
003 - CONTROL NUMBER IDENTIFIER
rucl marc code BD-RjUL
005 - DATE AND TIME OF LATEST TRANSACTION
control field 20211209000608.0
008 - FIXED-LENGTH DATA ELEMENTS--GENERAL INFORMATION
fixed length control field 140301r19471946enk 000 1 eng
035 ## - SYSTEM CONTROL NUMBER
System control number (BD-RjUL)20720
System control number (OCoLC)3349227
040 ## - CATALOGING SOURCE
Original cataloging agency DLC
Transcribing agency GStG
Modifying agency BD-RjUL
Language of cataloging eng
041 ## - LANGUAGE CODE
Language code of text/sound track or separate title eng
082 04 - DEWEY DECIMAL CLASSIFICATION NUMBER
Classification number 823.008
Author mark and year DOS 1947
100 1# - MAIN ENTRY--PERSONAL NAME
Personal name Douglas, Norman
Dates associated with a name 1868-1952.
9 (RLIN) 63743
245 10 - TITLE STATEMENT
Title South wind /
Statement of responsibility, etc. Norman Douglas.
250 ## - EDITION STATEMENT
Edition statement Rev & re-set ed.
260 ## - PUBLICATION, DISTRIBUTION, ETC. (IMPRINT)
Place of publication, distribution, etc. London :
Name of publisher, distributor, etc. Secker & Warburg,
Date of publication, distribution, etc. 1946 [reprint 1947].
300 ## - PHYSICAL DESCRIPTION
Pagination viii, 422 p. ;
Size 19 cm.
650 ## - SUBJECT ADDED ENTRY--TOPICAL TERM
Topical term or geographic name as entry element English fiction
9 (RLIN) 63744
942 ## - ADDED ENTRY ELEMENTS (KOHA)
Source of classification or shelving scheme Dewey Decimal Classification
Koha item type Books
Holdings
Lost status Source of classification or shelving scheme Damaged status Not for loan Collection code Permanent Location Current Location Shelving location Date acquired Source of acquisition Cost, normal purchase price Total Checkouts Full call number Date last seen Copy number Koha item type
  Dewey Decimal Classification     Fiction Central Library, University of Rajshahi Central Library, University of Rajshahi   19/03/1964 Zetlinger 21.00   823.008 DOS 1947 01/03/2014 C-2 Books